000
00320nam a22001457a 4500
008
210312b ||||| |||| 00| 0 eng d
020
_a
046442012959
041
_a
eng
080
_a
038
082
_a
038
100
_a
23
101
_a
FJA
245
_a
Roget's the new Thesaurus
_c
Soukhanov, A. H
942
_2
udc
_c
BK
999
_c
56571
_d
56571